| 000 | 00364cam a22001217a 4500 | ||
|---|---|---|---|
| 008 | 180718b1979 xxu||||| |||| 00| 0 eng d | ||
| 082 | _aB19x5421 V215 | ||
| 100 | _aVajpeyi, Dhirendra K. | ||
| 245 |
_aModernization and social change in India _cby Dhirendra K. Vajpeyi |
||
| 260 |
_aNew Delhi _bMahohar _c1979 |
||
| 300 | _a299p. | ||
| 650 | _aU.P. - Social conditions. | ||
| 999 |
_c355882 _d355882 |
||